Normal view
MARC view
Entry Personal Name
001 - CONTROL NUMBER
- control field: 58956
003 - CONTROL NUMBER IDENTIFIER
- control field: dpl
005 - DATE AND TIME OF LATEST TRANSACTION
- control field: 20231122122246.0
008 - FIXED-LENGTH DATA ELEMENTS
- fixed length control field: 231122|| aca||aabn | a|a d
040 ## - CATALOGING SOURCE
- Original cataloging agency: dpl
- Transcribing agency: dpl
100 ## - HEADING--PERSONAL NAME
- Personal name: Murphy, Joseph
670 ## - SOURCE DATA FOUND
- Source citation: Work cat.: (dpl)199176: Murphy, Joseph, The Power of Your Subconscious Mind/, 2015
